[Event "Abu Dhabi Challenge Match 2019"]
[Site "Abu Dhabi"]
[Date "2019.08.07"]
[Round "4.1"]
[White "Leko, Peter"]
[Black "Morozevich, Alexander"]
[Result "1/2-1/2"]
[WhiteElo "2674"]
[BlackElo "2659"]
[Annotator "TA"]
[PlyCount "88"]
[EventDate "2019.08.06"]
[EventType "match"]
[EventCountry "UAE"]
[SourceTitle "playchess.com"]
[Source "ChessBase"]
[SourceQuality "1"]

{[%evp 10,88,36,26,31,20,36,24,21,23,25,36,35,33,43,17,43,36,57,65,65,65,64,50,62,62,66,37,33,12,6,12,21,0,9,-6,0,0,0,-12,-12,-31,-31,-33,0,-6,0,0,0,0,16,-14,0,0,0,0,6,0,0,0,0,0,0,0,32,0,0,0,0,0,0,0,0,0,0,0,0,0,0,0,0]} 1. e4 e5 2. Nf3 Nc6 3. Bc4 Nf6 4. d3 h6 5. O-O d6 6. c3 g5 {C55: Two Knights: 4 d3, 4 d4 exd4 5 e5 and Max Lange Attack} 7. Bb3 Bg7 8. Nbd2 Nh5 {White has an edge.} 9. Nc4 Nf4 10. Ne3 Qf6 $146 ({Predecessor:} 10... Be6 11. d4 exd4 12. Nf5 Bxf5 13. exf5 dxc3 14. bxc3 {½-½ (41) Svidler,P (2735)-Vallejo Pons,F (2693) Karlsruhe/Baden Baden 2019}) 11. Kh1 Ne7 12. d4 O-O 13. Bc2 c6 14. g3 Nh3 {[#] aiming for ...exd4.} 15. dxe5 dxe5 {next ...g4 is good for Black.} 16. Qe2 a5 17. Ng1 a4 18. Qh5 Qg6 19. Qxg6 fxg6 20. Kg2 Nxg1 21. Rxg1 Be6 22. h3 Nc8 23. Rd1 Nb6 24. Bd2 (24. Ng4 {seems wilder.} Kh7 25. Rd6 Rfe8 26. Rd1 Nc4 27. Ne3) 24... Rfd8 25. Be1 Rxd1 26. Bxd1 Kf8 27. Be2 Ke7 28. c4 h5 29. Rd1 Nd7 30. Nf1 Nf6 31. Bb4+ Ke8 32. Nd2 Rd8 33. Bc3 g4 34. hxg4 ({Much worse is} 34. Bxe5 gxh3+ 35. Kf1 h2 $17) 34... Nxg4 35. b3 axb3 36. axb3 Bf8 37. Nf3 Rxd1 {The position is equal.} 38. Bxd1 Bc5 39. Nxe5 Nxf2 40. Bf3 Bh3+ 41. Kh2 Bg4 {Black wants to play ...Bxf3.} 42. Kg2 g5 43. Nxg4 hxg4 44. Be2 Nxe4 {Accuracy: White = 58%, Black = 62%.} 1/2-1/2

[Event "Abu Dhabi Challenge Match 2019"]
[Site "Abu Dhabi"]
[Date "2019.08.07"]
[Round "5.1"]
[White "Morozevich, Alexander"]
[Black "Leko, Peter"]
[Result "0-1"]
[WhiteElo "2659"]
[BlackElo "2674"]
[Annotator "TA"]
[PlyCount "115"]
[EventDate "2019.08.06"]
[EventType "match"]
[EventCountry "UAE"]
[SourceTitle "playchess.com"]
[Source "ChessBase"]
[SourceQuality "1"]

{[%evp 12,115,-27,-41,-25,-23,-23,-35,-16,-28,-20,-10,0,0,0,0,0,-8,31,0,0,0,0,0,0,0,0,-16,-19,-55,-6,-111,-42,-175,-148,-176,-135,-122,-119,-250,-220,-244,-199,-239,-242,-229,-180,-170,-147,-178,-164,-188,-154,-166,-177,-185,-177,-177,-177,-202,-202,-212,-156,-178,-79,-87,-93,-90,-84,-94,-94,-113,-85,-87,-87,-81,-90,-93,-89,-81,-78,-88,-78,-77,-26,-204,-197,-211,-168,-93,0,-204,-142,-135,-135,-142,-135,-147,-135,-148,-148,-309,-234,-198,-237,-856]} 1. Nf3 Nf6 2. g3 c5 3. Bg2 Nc6 4. O-O e5 5. d3 d5 6. Bg5 Be7 7. Nfd2 Ng8 {A08: King's Indian Attack} 8. Bxe7 Ngxe7 9. c4 Be6 {Black is slightly better.} 10. Nc3 O-O 11. a3 a5 $146 ({Predecessor:} 11... Rc8 12. b4 cxb4 13. axb4 Nxb4 14. Rxa7 dxc4 15. Nxc4 Bxc4 16. dxc4 Rxc4 {0-1 (97) Carlsen,M (2840)-Karjakin,S (2785) Doha 2016}) 12. cxd5 Nxd5 13. Rc1 b6 14. Qa4 Rc8 15. e3 Nde7 16. Nc4 Bd7 17. Qd1 Rb8 18. Qh5 f6 19. f4 exf4 20. Rxf4 Be6 (20... Be8 $5 {[%cal Re8h5]} 21. Qe2 b5 $15) 21. Rcf1 {[#]} (21. Qe2 $11 {remains equal.}) 21... b5 (21... Bf7 $1 $17 {[%cal Rf7h5]} 22. Qe2 b5) 22. Nd2 {[#]} ({Wrong is} 22. Qxc5 $2 bxc4 23. d4 (23. Bxc6 $2 Rc8 $19) 23... Rc8 $19) (22. Be4 $2 f5 $19) (22. Bxc6 $15 Nxc6 23. Qxc5 bxc4 24. Qxc6) 22... Ne5 $1 $36 {[%mdl 2048] Black is in control.} 23. d4 Bf7 24. Qe2 N5g6 25. Re4 (25. dxc5 $17 Nxf4 26. Rxf4) 25... f5 26. Rxe7 Qxe7 ({Don't take} 26... Nxe7 27. dxc5 a4 28. Rc1 $17) 27. Rxf5 cxd4 28. exd4 Qxe2 29. Nxe2 Bc4 30. Rxf8+ Kxf8 31. Nc3 Ne7 32. Be4 Bf7 33. b4 axb4 34. axb4 Bg6 35. Bf3 Nf5 36. Nb3 Bf7 37. d5 Nd6 (37... Re8 $19 {has better winning chances.} 38. Be4 Nd6) 38. Kf2 $17 Ra8 39. Na5 Re8 40. Nc6 Bg6 41. Nd4 Bd3 42. Ne6+ Kf7 43. g4 Rc8 44. Nc5 Ke7 45. Ke3 Bc4 46. h4 h6 47. Bd1 g5 ({Better is} 47... Rf8 $17 48. h5 Rf7) 48. h5 $2 (48. hxg5 $11 {and White is okay.} hxg5 49. Bf3) 48... Rf8 $19 49. Bf3 Ra8 50. Kd4 Rf8 (50... Ra1 $17 51. N5e4 Rf1) 51. Ke3 $1 Rf4 52. Ne6 Rf7 53. Nd4 Kd7 54. Nc6 {And now Ne5+ would win.} Rf8 55. Ne5+ Kc7 56. Kd4 $2 (56. Ng6 $17 Rf7 57. Nh8) 56... Rf4+ 57. Ke3 Bf1 58. Nc6 $2 {Accuracy: White = 44%, Black = 64%.} (58. Kf2 Nf7 59. Nc6) 0-1

[Event "Abu Dhabi Challenge Match 2019"]
[Site "Abu Dhabi"]
[Date "2019.08.07"]
[Round "6.1"]
[White "Leko, Peter"]
[Black "Morozevich, Alexander"]
[Result "1/2-1/2"]
[WhiteElo "2674"]
[BlackElo "2659"]
[Annotator "TA"]
[PlyCount "120"]
[EventDate "2019.08.06"]
[EventType "match"]
[EventCountry "UAE"]
[SourceTitle "playchess.com"]
[Source "ChessBase"]
[SourceQuality "1"]

{[%evp 10,120,41,38,41,19,26,37,39,21,31,29,34,28,26,8,90,77,85,78,77,85,64,0,25,-11,19,16,14,7,13,7,17,18,75,0,20,-9,43,11,2,0,58,41,54,43,63,49,49,51,45,45,52,10,18,13,18,16,47,44,59,44,36,0,0,0,0,0,0,0,0,-8,-8,-8,-8,-8,-9,-9,0,0,0,0,0,0,0,0,0,0,8,8,5277,5265,29978,29979,29981,29982,29982,29983,29983,29982,29981,994,700,0,0,0,0,0,0,0,0,0,0]} 1. e4 e5 2. Nf3 Nc6 3. Bc4 Nf6 4. d3 h6 5. O-O d6 6. c3 g5 {C55: Two Knights: 4 d3, 4 d4 exd4 5 e5 and Max Lange Attack} 7. Bb3 Bg7 8. Nbd2 Nh5 {White is slightly better.} 9. Nc4 Nf4 10. Ne3 Qf6 $146 ({Predecessor:} 10... Be6 11. d4 exd4 12. Nf5 Bxf5 13. exf5 dxc3 14. bxc3 {½-½ (41) Svidler,P (2735)-Vallejo Pons,F (2693) Karlsruhe/Baden Baden 2019}) 11. Kh1 Ne7 12. d4 h5 (12... Bd7 $11 {keeps the balance.}) 13. Ba4+ $16 c6 14. dxe5 dxe5 15. Nc4 O-O 16. Bxf4 ({Not} 16. Nfxe5 b5 $17) (16. Ncxe5 $14 g4 17. Bxf4 (17. g3 $2 Nh3 $19) 17... Qxf4 {[%mdl 64] Double Attack} 18. Nd3) 16... Qxf4 17. Bc2 g4 18. Nfd2 Be6 19. Ne3 Rad8 20. Qe2 Bh6 21. Rad1 h4 (21... Rd7 $11 {remains equal.}) 22. g3 (22. Bb3 $16) 22... Qg5 $11 {next ...hxg3 is good for Black.} 23. Bb3 Bc8 (23... hxg3 $1 $11 24. Bxe6 fxe6) 24. Rfe1 hxg3 25. fxg3 b5 ({Black should try} 25... Qxe3 $11 26. Qxe3 Bxe3 27. Rxe3 b5) 26. Ndf1 $1 $14 Qg6 27. Bc2 a5 28. Ng2 a4 29. Nfe3 Bxe3 30. Qxe3 Be6 31. Nh4 Qh5 32. b3 Rxd1 33. Rxd1 Ra8 34. bxa4 bxa4 35. a3 Kg7 36. Nf5+ Nxf5 37. exf5 Bd5+ 38. Kg1 f6 39. Be4 Rf8 40. c4 Bxc4 41. Qa7+ Rf7 42. Qxa4 {[#]} Bd5 $1 {[%mdl 512]} 43. Qc2 (43. Bxd5 cxd5) 43... Rd7 44. a4 {[%cal Ba3a4,Ba4a5,Ba5a6][%mdl 32]} Kh6 45. Bxd5 cxd5 $11 {[%mdl 4096] Endgame KQR-KQR} 46. Qc6 Qf7 47. a5 d4 48. a6 Kg7 49. Qe4 {Rb1 is the strong threat.} Qb3 $2 {[%mdl 8192] [#]} (49... Qh5 $11) 50. Rb1 $1 $18 {[%cal Rb1b3]} Qa3 51. Qxg4+ Kf7 52. Qg6+ Ke7 53. Qg7+ Kd6 54. Qf8+ Re7 55. Qxf6+ (55. Qd8+ $142 Rd7 56. Qxf6+ Kc5 57. Qb6+ Kd5 58. Rb5+ Ke4 59. Qc6+ Ke3 60. Rxe5+ Kd2 61. Qxd7) 55... Kd5 56. Rb7 $2 (56. Rb5+ $18 Ke4 57. Qh4+ Kd3 58. Rb1) 56... Qe3+ $11 {The position is equal.} 57. Kg2 Qe2+ 58. Kg1 Qe1+ 59. Kg2 {Hoping for Rb5+.} Qe2+ 60. Kg1 Qe1+ {Accuracy: White = 56%, Black = 57%.} 1/2-1/2

[Event "Abu Dhabi Challenge Match 2019"]
[Site "Abu Dhabi"]
[Date "2019.08.08"]
[Round "7.1"]
[White "Morozevich, Alexander"]
[Black "Leko, Peter"]
[Result "1/2-1/2"]
[WhiteElo "2659"]
[BlackElo "2674"]
[Annotator "ChessBase"]
[PlyCount "86"]
[EventDate "2019.08.06"]
[EventType "match"]
[EventCountry "UAE"]
[SourceTitle "playchess.com"]
[Source "ChessBase"]
[SourceQuality "1"]
[TimeControl "300+3"]

1. Nf3 {[%emt 0:02:02]} d5 {[%emt 0:02:02]} 2. g3 {[%emt 0:00:03]} c6 {[%emt 0:00:04]} 3. Bg2 {[%emt 0:00:02]} Bg4 {[%emt 0:00:03]} 4. h3 {[%emt 0:00:03]} Bh5 {[%emt 0:00:03]} 5. d3 {[%emt 0:00:02]} Nd7 {[%emt 0:00:03]} 6. Nbd2 {[%emt 0:00:15]} Ngf6 {[%emt 0:00:12]} 7. g4 {[%emt 0:00:03]} Bg6 {[%emt 0:00:03]} 8. Nh4 {[%emt 0:00:02]} e5 {[%emt 0:00:10]} 9. e3 {[%emt 0:00:03]} Nc5 {[%emt 0:00:15]} 10. O-O {[%emt 0:00:11]} Nfd7 {[%emt 0:00:04]} 11. Nxg6 {[%emt 0:00:26]} hxg6 {[%emt 0:00:02]} 12. Qe2 {[%emt 0:00:07]} Ne6 {[%emt 0:00:17]} 13. c4 {[%emt 0:00:08]} dxc4 {[%emt 0:00:25]} 14. Nxc4 {[%emt 0:00:03]} Ng5 {[%emt 0:00:03]} 15. Rd1 {[%emt 0:00:05]} Nxh3+ {[%emt 0:00:06]} 16. Kf1 {[%emt 0:00:01]} Be7 {[%emt 0:00:26]} 17. d4 {[%emt 0:00:08]} exd4 {[%emt 0:00:48]} 18. exd4 {[%emt 0:00:03]} Kf8 {[%emt 0:00:02]} 19. d5 {[%emt 0:00:42]} cxd5 {[%emt 0:00:05]} 20. Bxd5 {[%emt 0:00:28]} Qc7 {[%emt 0:00:22]} 21. Bxf7 {[%emt 0:00:18]} Ng5 {[%emt 0:00:04]} 22. Bd5 {[%emt 0:00:05]} Bf6 {[%emt 0:00:15]} 23. Bxg5 {[%emt 0:00:11]} Bxg5 {[%emt 0:00:02]} 24. Qe6 {[%emt 0:00:07]} Nf6 {[%emt 0:00:06]} 25. Ne5 {[%emt 0:00:21]} Rh6 {[%emt 0:00:04]} 26. Nf3 {[%emt 0:00:02]} Bf4 {[%emt 0:00:07]} 27. g5 {[%emt 0:00:13]} Re8 {[%emt 0:00:02]} 28. Qxe8+ {[%emt 0:00:05]} Nxe8 {[%emt 0:00:03]} 29. gxh6 {[%emt 0:00:02]} gxh6 {[%emt 0:00:02]} 30. Nd4 {[%emt 0:00:03]} Ng7 {[%emt 0:00:02]} 31. Rd3 {[%emt 0:00:05]} g5 {[%emt 0:00:03]} 32. Re1 {[%emt 0:00:02]} Qd7 {[%emt 0:00:04]} 33. Bc4 {[%emt 0:00:04]} Qg4 {[%emt 0:00:05]} 34. Nf3 {[%emt 0:00:04]} Qh3+ {[%emt 0:00:02]} 35. Ke2 {[%emt 0:00:02]} Qc8 {[%emt 0:00:04]} 36. Bb3 {[%emt 0:00:02]} Ne6 {[%emt 0:00:04]} 37. Kf1 {[%emt 0:00:02]} Nc5 {[%emt 0:00:03]} 38. Rc3 {[%emt 0:00:03]} Qh3+ {[%emt 0:00:02]} 39. Ke2 {[%emt 0:00:03]} Nxb3 {[%emt 0:00:03]} 40. axb3 {[%emt 0:00:02]} Qe6+ {[%emt 0:00:02]} 41. Kf1 {[%emt 0:00:01]} Qh3+ {[%emt 0:00:02]} 42. Ke2 {[%emt 0:00:02]} Qe6+ {[%emt 0:00:02]} 43. Kf1 {[%emt 0:00:01]} Qh3+ {[%emt 0:00:01] Ra1} 1/2-1/2

[Event "Abu Dhabi Challenge Match 2019"]
[Site "Abu Dhabi"]
[Date "2019.08.08"]
[Round "9.1"]
[White "Morozevich, Alexander"]
[Black "Leko, Peter"]
[Result "0-1"]
[WhiteElo "2659"]
[BlackElo "2674"]
[Annotator "TA"]
[PlyCount "64"]
[EventDate "2019.08.06"]
[EventType "match"]
[EventCountry "UAE"]
[SourceTitle "playchess.com"]
[Source "ChessBase"]
[SourceQuality "1"]

{[%evp 9,64,-17,14,0,9,12,21,19,26,30,31,31,31,31,38,33,39,24,85,0,7,0,0,0,-8,0,44,7,12,19,11,10,28,-356,-43,-27,-6,-31,-31,-425,-17,-27,-18,-18,-24,-17,-10,-61,-44,-251,0,-917,-931,-2468,-2358,-29988,-29989]} 1. d4 Nf6 2. Nc3 d5 3. Bg5 Nbd7 4. Nf3 h6 5. Bf4 a6 6. Qd3 {D01: Veresov Opening} (6. e3 e6 7. Bd3 c5 8. O-O Be7 9. Ne5 Nxe5 10. Bxe5 c4 11. Be2 b5 12. Nb1 Bb7 13. Nd2 O-O {½-½ (61) Hasangatin,R (2491)-Kelires,A (2531) Kavala 2018}) 6... c5 7. e4 cxd4 8. Qxd4 {The position is equal.} dxe4 9. Nxe4 Nxe4 10. Qxe4 Nf6 11. Qa4+ $146 ({Predecessor:} 11. Qe2 Bf5 12. Be5 e6 {½-½ (38) Pantaleev,D-Orev,P Sofia 1973}) 11... Bd7 12. Qb3 Qa5+ 13. c3 {aiming for Bc4.} b5 (13... Qd5 $11) 14. Ne5 (14. Be2 $1 $16) 14... Be6 $132 {[%mdl 2048] Black has counterplay} 15. Qd1 g5 16. Bg3 Bg7 17. Bd3 O-O 18. h4 {And now hxg5 would win.} g4 19. O-O Qb6 20. Qe2 Rad8 {Strongly threatening ...Nh5.} 21. a4 $2 {[%mdl 8192] [#]} (21. Rad1 $11 {and White is okay.}) 21... Rd5 $2 (21... Nh5 $1 $19 {[%cal Rh5g3]} 22. Kh2 (22. Qe4 $2 f5 $19) 22... Nxg3 23. fxg3 Bxe5) 22. axb5 $15 Nh5 23. Nc4 Qc5 $1 24. Kh2 $2 {[%mdl 8192] [#]} ({Wrong is} 24. Qe4 $2 Bf5 $19) (24. Ne3 $15 Nxg3 25. fxg3 axb5 26. Bc2) 24... axb5 $2 (24... Rxd3 $1 $19 {[%mdl 512]} 25. Qxd3 Bxc4) 25. Ne3 $11 Nxg3 26. fxg3 Re5 27. Rae1 $1 h5 28. Qf2 (28. Rf4 $11) 28... b4 $15 29. c4 $2 ({Better is} 29. cxb4 $15 Qd4 30. Bc2) 29... b3 $2 (29... Rd8 $19 30. Qd2 Bh6 31. Bh7+ {[%mdl 64] Discovered Attack} Kxh7 32. Qxd8 Rxe3 33. Rxe3 Bxe3) 30. Bf5 $2 {[%mdl 8192]} (30. Qf4 $11) 30... Bxf5 $19 31. Nxf5 Qxf2 {[%mdl 64] Overworked Piece} 32. Rxf2 Rxe1 {Accuracy: White = 34%, Black = 36%.} 0-1

[Event "Abu Dhabi Challenge Match 2019"]
[Site "Abu Dhabi"]
[Date "2019.08.08"]
[Round "10.1"]
[White "Leko, Peter"]
[Black "Morozevich, Alexander"]
[Result "1-0"]
[WhiteElo "2674"]
[BlackElo "2659"]
[Annotator "TA"]
[PlyCount "47"]
[EventDate "2019.08.06"]
[EventType "match"]
[EventCountry "UAE"]
[SourceTitle "playchess.com"]
[Source "ChessBase"]
[SourceQuality "1"]

{[%evp 11,47,41,62,42,42,30,40,7,21,18,7,14,29,5,11,28,57,39,78,65,60,29,34,50,38,34,79,83,216,218,479,477,475,0,714,116,729,727]} 1. e4 e5 2. Nf3 Nc6 3. Bc4 Nf6 4. d3 d5 5. exd5 Nxd5 6. O-O Nb6 7. Bb5 {Strongly threatening Nxe5. C24: Bishop's Opening: 2...Nf6} Bd6 8. Re1 f6 9. d4 {Threatening dxe5.White is slightly better.} O-O 10. dxe5 $146 ({Predecessor:} 10. Bxc6 bxc6 11. dxe5 fxe5 12. Bg5 Qe8 13. Nfd2 Qg6 14. Ne4 h6 {0-1 (52) Martinez Fernandez,R (2066)-Gascon del Nogal,J (2490) Tres Cantos 2017}) 10... Nxe5 11. Nxe5 Bxe5 12. Nd2 c6 13. Bd3 {Black must now prevent Qh5.} Qc7 14. h3 Bh2+ 15. Kh1 Bf4 16. Nf3 Bxc1 17. Qxc1 Bd7 18. c3 Rae8 19. Qc2 g6 {[#]} (19... f5 $16 {is a better defense.}) 20. Bxg6 $1 $18 {[%mdl 512]} hxg6 $2 (20... Rxe1+ {might work better.} 21. Rxe1 Bc8) 21. Qxg6+ Kh8 22. Nh4 $2 ({White must play} 22. Qh6+ $18 Kg8 23. Nh4) 22... Nd5 $2 {[%mdl 8192]} (22... Qf4 $11 23. Qh5+ Kg7 24. Qg6+ Kh8 25. Qh5+ Kg7 26. Qg6+ Kh8) 23. Qh6+ Kg8 24. Ng6 {Accuracy: White = 52%, Black = 43%.} 1-0

[Event "Abu Dhabi Challenge Match 2019"]
[Site "Abu Dhabi"]
[Date "2019.08.08"]
[Round "11.1"]
[White "Morozevich, Alexander"]
[Black "Leko, Peter"]
[Result "1/2-1/2"]
[WhiteElo "2659"]
[BlackElo "2674"]
[Annotator "ChessBase"]
[PlyCount "83"]
[EventDate "2019.08.06"]
[EventType "match"]
[EventCountry "UAE"]
[SourceTitle "playchess.com"]
[Source "ChessBase"]
[SourceQuality "1"]
[TimeControl "180+2"]

1. d4 {[%emt 0:00:00]} Nf6 {[%emt 0:00:00]} 2. Nc3 {[%emt 0:00:00]} d5 {[%emt 0:00:00]} 3. Bg5 {[%emt 0:00:01]} Nbd7 {[%emt 0:00:01]} 4. Nf3 {[%emt 0:00:01]} h6 {[%emt 0:00:04]} 5. Bf4 {[%emt 0:00:01]} a6 {[%emt 0:00:04]} 6. Qd3 {[%emt 0:00:01]} b5 {[%emt 0:00:17]} 7. Ne5 {[%emt 0:00:26]} c5 {[%emt 0:00:31]} 8. e4 {[%emt 0:00:20]} cxd4 {[%emt 0:01:15]} 9. Qxd4 {[%emt 0:00:15]} Bb7 {[%emt 0:00:01]} 10. O-O-O {[%emt 0:00:12]} e6 {[%emt 0:00:08]} 11. Nxd7 {[%emt 0:00:22]} Qxd7 {[%emt 0:00:01]} 12. Be5 {[%emt 0:00:06]} Rc8 {[%emt 0:00:14]} 13. Bxf6 {[%emt 0:00:08]} gxf6 {[%emt 0:00:06]} 14. exd5 {[%emt 0:00:09]} e5 {[%emt 0:00:02]} 15. Qd3 {[%emt 0:00:15]} f5 {[%emt 0:00:04]} 16. g3 {[%emt 0:00:37]} b4 {[%emt 0:00:04]} 17. Ne2 {[%emt 0:00:04]} Bg7 {[%emt 0:00:05]} 18. Bh3 {[%emt 0:00:08]} e4 {[%emt 0:00:01]} 19. Qd2 {[%emt 0:00:01]} Rc5 {[%emt 0:00:06]} 20. Qf4 {[%emt 0:00:12]} Qa4 {[%emt 0:00:07]} 21. Rd2 {[%emt 0:00:11]} Qxa2 22. Kd1 O-O {[%emt 0:00:09]} 23. Nc1 {[%emt 0:00:04]} Qxb2 {[%emt 0:00:03]} 24. Bxf5 {[%emt 0:00:04]} Rxd5 {[%emt 0:00:04]} 25. Rxd5 {[%emt 0:00:06]} Bxd5 {[%emt 0:00:01]} 26. Bxe4 {[%emt 0:00:03]} Bxe4 {[%emt 0:00:10]} 27. Qxe4 {[%emt 0:00:01]} Rc8 {[%emt 0:00:05]} 28. Re1 {[%emt 0:00:01]} a5 {[%emt 0:00:02]} 29. Qf5 {[%emt 0:00:06]} Qc3 {[%emt 0:00:03]} 30. Re3 {[%emt 0:00:01]} Rd8+ {[%emt 0:00:02]} 31. Nd3 {[%emt 0:00:01]} b3 {[%emt 0:00:02]} 32. cxb3 {[%emt 0:00:01]} Qxb3+ 33. Ke2 {[%emt 0:00:00]} a4 {[%emt 0:00:02]} 34. Nc5 {[%emt 0:00:03]} Qc4+ {[%emt 0:00:02]} 35. Kf3 {[%emt 0:00:02]} Ra8 {[%emt 0:00:08]} 36. Re4 {[%emt 0:00:04]} Qc3+ {[%emt 0:00:03]} 37. Kg2 {[%emt 0:00:01]} a3 {[%emt 0:00:01]} 38. Rf4 {[%emt 0:00:02]} Ra7 {[%emt 0:00:04]} 39. Qc8+ {[%emt 0:00:01]} Kh7 {[%emt 0:00:01]} 40. Qf5+ Kg8 {[%emt 0:00:00]} 41. Qc8+ {[%emt 0:00:07]} Kh7 {[%emt 0:00:01]} 42. Qf5+ 1/2-1/2

[Event "Abu Dhabi Challenge Match 2019"]
[Site "Abu Dhabi"]
[Date "2019.08.08"]
[Round "12.1"]
[White "Leko, Peter"]
[Black "Morozevich, Alexander"]
[Result "1/2-1/2"]
[WhiteElo "2674"]
[BlackElo "2659"]
[Annotator "ChessBase"]
[PlyCount "117"]
[EventDate "2019.08.06"]
[EventType "match"]
[EventCountry "UAE"]
[SourceTitle "playchess.com"]
[Source "ChessBase"]
[SourceQuality "1"]
[TimeControl "180+2"]

1. e4 {[%emt 0:00:00]} c5 {[%emt 0:00:00]} 2. Nf3 {[%emt 0:00:01]} Nc6 {[%emt 0:00:00]} 3. Bb5 {[%emt 0:00:02]} Nf6 {[%emt 0:00:00]} 4. Bxc6 {[%emt 0:00:02]} dxc6 {[%emt 0:00:01]} 5. d3 {[%emt 0:00:02]} Bg4 {[%emt 0:00:02]} 6. h3 {[%emt 0:00:08]} Bh5 {[%emt 0:00:01]} 7. Nbd2 {[%emt 0:00:12]} Nd7 {[%emt 0:00:03]} 8. Nf1 {[%emt 0:00:14]} e5 {[%emt 0:00:07]} 9. g4 {[%emt 0:00:04]} Bg6 {[%emt 0:00:01]} 10. Ng3 {[%emt 0:00:04]} f6 {[%emt 0:00:04]} 11. b3 {[%emt 0:00:08]} Qc7 {[%emt 0:00:09]} 12. Be3 {[%emt 0:00:18]} O-O-O {[%emt 0:00:02]} 13. Nd2 {[%emt 0:00:21]} Bf7 {[%emt 0:00:19]} 14. a3 {[%emt 0:00:11]} Kb8 {[%emt 0:00:20]} 15. Qe2 {[%emt 0:00:03]} g6 {[%emt 0:00:05]} 16. O-O {[%emt 0:00:15]} h5 {[%emt 0:00:14]} 17. gxh5 {[%emt 0:00:04]} g5 {[%emt 0:00:01]} 18. Kg2 {[%emt 0:00:10]} Be7 {[%emt 0:00:04]} 19. b4 {[%emt 0:00:03]} Nf8 {[%emt 0:00:02]} 20. bxc5 {[%emt 0:00:20]} Ne6 {[%emt 0:00:01]} 21. h6 {[%emt 0:00:13]} Rxh6 {[%emt 0:00:20]} 22. Nf5 {[%emt 0:00:01]} Rh7 {[%emt 0:00:01]} 23. Rh1 {[%emt 0:00:06]} Bxc5 {[%emt 0:00:07]} 24. Nf1 {[%emt 0:00:09]} Rdh8 {[%emt 0:00:12]} 25. Qd2 {[%emt 0:00:10]} Nf4+ {[%emt 0:00:07]} 26. Bxf4 {[%emt 0:00:03]} gxf4 {[%emt 0:00:03]} 27. Nh2 {[%emt 0:00:13]} Rxh3 {[%emt 0:00:05]} 28. Nf3 {[%emt 0:00:00]} Rxh1 {[%emt 0:00:30]} 29. Rxh1 {[%emt 0:00:01]} Rxh1 {[%emt 0:00:02]} 30. Kxh1 {[%emt 0:00:01]} Bxa3 {[%emt 0:00:11]} 31. d4 {[%emt 0:00:02]} Bh5 {[%emt 0:00:12]} 32. N3h4 {[%emt 0:00:05]} a5 {[%emt 0:00:03]} 33. c3 {[%emt 0:00:04]} exd4 {[%emt 0:00:02]} 34. Nxd4 {[%emt 0:00:04]} Qe5 {[%emt 0:00:06]} 35. f3 {[%emt 0:00:05]} Bc5 {[%emt 0:00:06]} 36. Nb3 {[%emt 0:00:04]} Bb6 {[%emt 0:00:03]} 37. Nd4 {[%emt 0:00:03]} a4 {[%emt 0:00:01]} 38. Nhf5 {[%emt 0:00:02]} Bf7 {[%emt 0:00:06]} 39. Qb2 {[%emt 0:00:05]} Ka7 {[%emt 0:00:04]} 40. Qa3 {[%emt 0:00:01]} Qa5 {[%emt 0:00:02]} 41. Qe7 {[%emt 0:00:02]} Bxd4 {[%emt 0:00:06]} 42. Nxd4 {[%emt 0:00:02]} Qh5+ {[%emt 0:00:03]} 43. Kg2 {[%emt 0:00:02]} Ka6 {[%emt 0:00:04]} 44. Qd8 {[%emt 0:00:04]} Qg5+ {[%emt 0:00:05]} 45. Kh1 {[%emt 0:00:02]} Qh4+ {[%emt 0:00:03]} 46. Kg2 {[%emt 0:00:02]} Qg3+ {[%emt 0:00:01]} 47. Kh1 {[%emt 0:00:01]} Qe1+ {[%emt 0:00:03]} 48. Kg2 {[%emt 0:00:01]} Qxc3 {[%emt 0:00:08]} 49. Qa8+ {[%emt 0:00:01]} Kb6 {[%emt 0:00:00]} 50. Qxa4 {[%emt 0:00:05]} Bc4 {[%emt 0:00:03]} 51. Nf5 Bb5 {[%emt 0:00:04]} 52. Qa8 {[%emt 0:00:05]} c5 {[%emt 0:00:01]} 53. Qd8+ {[%emt 0:00:01]} Ka7 {[%emt 0:00:01]} 54. Nd6 {[%emt 0:00:01]} Qb2+ {[%emt 0:00:02]} 55. Kh3 {[%emt 0:00:02]} Bc6 {[%emt 0:00:00]} 56. Qa5+ Kb8 57. Qd8+ {[%emt 0:00:02]} Ka7 {[%emt 0:00:01]} 58. Qa5+ Kb8 {[%emt 0:00:00]} 59. Qd8+ {[%emt 0:00:01]} 1/2-1/2